[Event "Napoli Spring Cup 1st"]
[Site "Napoli"]
[Date "2017.04.13"]
[Round "6"]
[White "Carfora, Riccardo"]
[Black "Chiummo, Sergio"]
[Result "0-1"]
[WhiteElo "1737"]
[BlackElo "1927"]
[PlyCount "44"]
[EventDate "2017.03.09"]
[EventType "swiss"]
[EventRounds "6"]
[EventCountry "ITA"]
[SourceTitle "EXT 2018"]
[Source "ChessBase"]
[SourceDate "2017.10.13"]
[SourceVersion "1"]
[SourceVersionDate "2017.10.13"]
[SourceQuality "1"]

1. d4 Nf6 2. c4 g6 3. Nf3 Bg7 4. Nc3 0-0 5. Bf4 d6 6. e3 Nbd7 7. Bd3 Nh5 8. Bg5 c6 9. Qd2 Qe8 10. e4 e5 11. d5 f6 12. Bh6 Rf7 13. Bxg7 Rxg7 14. 0-0 Nf8 15. Rac1 Qd8 16. Bc2 c5 17. Ne1 f5 18. exf5 gxf5 19. Nd3 Ng6 20. Qh6 Ngf4 21. Nxf4 Nxf4 22. g3 Rg6 0-1

[Event "Napoli Spring Cup 1st"]
[Site "Napoli"]
[Date "2017.04.06"]
[Round "5"]
[White "Chiummo, Sergio"]
[Black "Parente, Giuseppe"]
[Result "1-0"]
[WhiteElo "1927"]
[BlackElo "1699"]
[PlyCount "55"]
[EventDate "2017.03.09"]
[EventType "swiss"]
[EventRounds "6"]
[EventCountry "ITA"]
[SourceTitle "EXT 2018"]
[Source "ChessBase"]
[SourceDate "2017.10.13"]
[SourceVersion "1"]
[SourceVersionDate "2017.10.13"]
[SourceQuality "1"]

1. Nf3 d5 2. d4 c6 3. c4 Nf6 4. Nc3 dxc4 5. a4 Bg4 6. Ne5 Be6 7. e3 Nbd7 8. Nxc4 Bxc4 9. Bxc4 e6 10. 0-0 a6 11. a5 Bb4 12. Qa4 Bd6 13. e4 Bc7 14. Bg5 Bxh2+ 15. Kh1 Bc7 16. e5 h6 17. Bh4 g5 18. Bg3 Nh5 19. Ne4 Qe7 20. Qb3 Rb8 21. Qf3 Nxg3+ 22. fxg3 c5 23. Nd6+ Bxd6 24. exd6 Qxd6 25. Qxf7+ Kd8 26. dxc5 Qe7 27. Rad1 Rf8 28. Qxf8+ 1-0

[Event "Napoli Winter Cup 1st"]
[Site "Napoli"]
[Date "2017.02.09"]
[Round "4"]
[White "Radice, Mario"]
[Black "Chiummo, Sergio"]
[Result "1/2-1/2"]
[WhiteElo "1796"]
[BlackElo "1923"]
[PlyCount "69"]
[EventDate "2017.01.19"]
[EventType "swiss"]
[EventRounds "5"]
[EventCountry "ITA"]
[SourceTitle "EXT 2018"]
[Source "ChessBase"]
[SourceDate "2017.10.13"]
[SourceVersion "1"]
[SourceVersionDate "2017.10.13"]
[SourceQuality "1"]

1. Nf3 d5 2. g3 g6 3. Bg2 Bg7 4. 0-0 e5 5. d3 Ne7 6. Nc3 0-0 7. e4 c6 8. Rb1 a5 9. Re1 d4 10. Ne2 Na6 11. Bd2 c5 12. a3 b5 13. b4 axb4 14. axb4 c4 15. Qc1 c3 16. Bh6 Qd6 17. Bxg7 Kxg7 18. Nfxd4 exd4 19. e5 Qb8 20. Bxa8 Qxa8 21. Qf4 Nd5 22. Qxd4 Be6 23. f4 Qc6 24. Rb3 Rc8 25. Ra1 Nxf4 26. Nxf4 Bxb3 27. cxb3 c2 28. Rc1 Qc3 29. Ne2 Qxb4 30. e6+ Qxd4+ 31. Nxd4 fxe6 32. Nxe6+ Kf6 33. Nd4 Nb4 34. Kf1 Nxd3 35. Rxc2 1/2-1/2

[Event "Napoli Trofeo Caissa 2nd"]
[Site "Napoli"]
[Date "2016.12.22"]
[Round "7"]
[White "Chiummo, Sergio"]
[Black "Seletsky, Grigory"]
[Result "0-1"]
[WhiteElo "1923"]
[BlackElo "2298"]
[PlyCount "64"]
[EventDate "2016.11.03"]
[EventType "swiss"]
[EventRounds "7"]
[EventCountry "ITA"]
[SourceTitle "EXT 2018"]
[Source "ChessBase"]
[SourceDate "2017.10.13"]
[SourceVersion "1"]
[SourceVersionDate "2017.10.13"]
[SourceQuality "1"]

1. c4 e5 2. Nc3 Nc6 3. Nf3 f5 4. d3 Nf6 5. g3 Bc5 6. Bg2 d6 7. Bg5 h6 8. Bxf6 Qxf6 9. Nd5 Qf7 10. e3 0-0 11. 0-0 a6 12. a3 Ba7 13. Qc2 Nd8 14. b4 c6 15. Nc3 Qf6 16. Rad1 Nf7 17. a4 Be6 18. a5 d5 19. Na4 f4 20. exf4 exf4 21. Nb6 Bxb6 22. axb6 Rad8 23. c5 Bg4 24. Rde1 Bxf3 25. Bxf3 Rde8 26. Qd2 Rxe1 27. Qxe1 Ne5 28. Bg2 Nxd3 29. Qd2 Ne5 30. gxf4 Ng6 31. Re1 Nxf4 32. Re3 Qg5 0-1

[Event "Napoli Moscarella Memorial"]
[Site "Napoli"]
[Date "2016.01.07"]
[Round "1"]
[White "Chiummo, Sergio"]
[Black "Brighel, Francesco"]
[Result "1-0"]
[WhiteElo "1914"]
[BlackElo "1509"]
[PlyCount "73"]
[EventDate "2016.01.07"]
[EventType "swiss"]
[EventRounds "6"]
[EventCountry "ITA"]
[SourceTitle "EXT 2018"]
[Source "ChessBase"]
[SourceDate "2017.10.13"]
[SourceVersion "1"]
[SourceVersionDate "2017.10.13"]
[SourceQuality "1"]

1. c4 c5 2. Nc3 Nc6 3. Nf3 d6 4. g3 Nf6 5. Bg2 g6 6. d3 Bg7 7. Rb1 Bg4 8. h3 Bd7 9. a3 a5 10. 0-0 0-0 11. Ne1 Qc8 12. Kh2 e5 13. Nc2 Nd8 14. Nd5 Nxd5 15. cxd5 f5 16. Ne3 b5 17. a4 Nf7 18. axb5 Bxb5 19. Nc4 Bxc4 20. dxc4 a4 21. e4 Bh6 22. Ra1 Bxc1 23. Qxc1 Qd7 24. Ra3 Rfb8 25. Qc2 Rb3 26. Rxb3 axb3 27. Qxb3 Ng5 28. f4 Nxe4 29. Bxe4 fxe4 30. fxe5 dxe5 31. Qe3 Qd6 32. Qxe4 Ra2 33. Rf2 Qb8 34. Qe2 e4 35. Qxe4 Rxb2 36. Qe6+ Kg7 37. Qf6+ 1-0

[Event "Napoli Primavera al Vomero op 7th"]
[Site "Napoli"]
[Date "2011.04.29"]
[Round "7"]
[White "Chiummo, Sergio"]
[Black "Taurisano, Vincenzo"]
[Result "1-0"]
[WhiteElo "1937"]
[BlackElo "1858"]
[PlyCount "49"]
[EventDate "2011.03.11"]
[EventType "swiss"]
[EventRounds "7"]
[EventCountry "ITA"]
[SourceTitle "EXT 2018"]
[Source "ChessBase"]
[SourceDate "2017.10.13"]
[SourceVersion "1"]
[SourceVersionDate "2017.10.13"]
[SourceQuality "1"]

1. Nf3 d5 2. g3 Nf6 3. Bg2 e6 4. 0-0 c5 5. d3 Nc6 6. Nbd2 Be7 7. e4 0-0 8. c3 Qc7 9. Re1 b6 10. e5 Nd7 11. d4 Ba6 12. Nf1 c4 13. Bf4 b5 14. a3 Nb6 15. Ne3 Rfd8 16. Qe2 Bb7 17. h4 a5 18. Nh2 b4 19. Nhg4 bxc3 20. bxc3 a4 21. Nf6+ Bxf6 22. exf6 Qd7 23. Ng4 Nc8 24. fxg7 Kxg7 25. Bh6+ 1-0

[Event "Napoli Inverno al Vomero op 3rd"]
[Site "Napoli"]
[Date "2008.02.21"]
[Round "7"]
[White "Schiappoli, Dario"]
[Black "Chiummo, Sergio"]
[Result "1-0"]
[WhiteElo "1931"]
[BlackElo "1926"]
[PlyCount "61"]
[EventDate "2008.01.10"]
[EventType "swiss"]
[EventRounds "7"]
[EventCountry "ITA"]
[SourceTitle "EXT 2018"]
[Source "ChessBase"]
[SourceDate "2017.10.13"]
[SourceVersion "1"]
[SourceVersionDate "2017.10.13"]
[SourceQuality "1"]

1. e4 e6 2. Nf3 d5 3. e5 c5 4. b4 cxb4 5. d4 Nc6 6. Bd3 Nge7 7. Bg5 Qb6 8. g4 Ng6 9. h4 Bd7 10. h5 Nge7 11. Be3 Na5 12. Nbd2 Bb5 13. Qe2 Bxd3 14. cxd3 Rc8 15. 0-0 Nec6 16. Rac1 Be7 17. g5 Qd8 18. Kh1 Kd7 19. Rg1 Rg8 20. Nh2 f5 21. gxf6 gxf6 22. f4 f5 23. Nhf3 Qb6 24. h6 Rcf8 25. Rg7 Rxg7 26. hxg7 Rg8 27. Rg1 Qd8 28. Qh2 Qe8 29. Qxh7 Qf7 30. Rg6 Bf8 31. gxf8N+ 1-0

[Event "Napoli Vomero Inverno op 3rd "]
[Site "Napoli"]
[Date "2008.02.07"]
[Round "5"]
[White "Gallo, Thomas Renato"]
[Black "Chiummo, Sergio"]
[Result "1/2-1/2"]
[WhiteElo "1885"]
[BlackElo "1926"]
[PlyCount "53"]
[EventDate "2008.01.10"]
[EventType "swiss"]
[EventRounds "6"]
[EventCountry "ITA"]
[SourceTitle "EXT 2009"]
[Source "ChessBase"]
[SourceDate "2008.11.26"]
[SourceVersion "1"]
[SourceVersionDate "2008.11.26"]
[SourceQuality "1"]

1. d4 Nf6 2. c4 e6 3. Nf3 b6 4. Nc3 Bb7 5. Bg5 Be7 6. e3 0-0 7. Be2 d5 8. 0-0 Nbd7 9. Rc1 c5 10. cxd5 Nxd5 11. Bxe7 Qxe7 12. Re1 Rac8 13. Bd3 Nxc3 14. Rxc3 cxd4 15. exd4 Rxc3 16. bxc3 Qf6 17. Re3 a6 18. a4 Qd8 19. Ne5 Nxe5 20. Rxe5 g6 21. Qe2 Qa8 22. Rg5 Qd8 23. Rg3 Qc8 24. Bc2 Bd5 25. h4 Qc7 26. h5 Qf4 27. Rg4 1/2-1/2

[Event "Napoli Vomero Natale op 4h"]
[Site "Napoli"]
[Date "2007.12.27"]
[Round "7"]
[White "Rosato, Luciano"]
[Black "Chiummo, Sergio"]
[Result "1-0"]
[WhiteElo "2216"]
[BlackElo "1939"]
[PlyCount "139"]
[EventDate "2007.11.15"]
[EventType "swiss"]
[EventRounds "7"]
[EventCountry "ITA"]
[SourceTitle "EXT 2010"]
[Source "ChessBase"]
[SourceDate "2010.11.25"]
[SourceVersion "1"]
[SourceVersionDate "2010.11.25"]
[SourceQuality "1"]

1. Nf3 Nf6 2. d4 e6 3. Bg5 Be7 4. c4 b6 5. Nc3 Bb7 6. Bxf6 Bxf6 7. e4 c5 8. e5 cxd4 9. Nb5 Be7 10. Bd3 d5 11. cxd5 Bxd5 12. 0-0 a6 13. Nbxd4 0-0 14. Rc1 Bc5 15. a3 Nd7 16. Re1 Bxd4 17. Nxd4 Nc5 18. Bf1 Qg5 19. b4 Ne4 20. Nf3 Qe7 21. Bd3 Ng5 22. Nd4 f6 23. Bc4 fxe5 24. Bxd5 exd5 25. Nc6 Qf6 26. Qxd5+ Kh8 27. Re2 Nh3+ 28. Kf1 Nf4 29. Qxe5 Nxe2 30. Qxe2 Rae8 31. Qd2 Qf4 32. Qxf4 Rxf4 33. f3 Rc8 34. Rd1 Rff8 35. Ne5 Kg8 36. Kf2 b5 37. Rd6 Rf6 38. Rd3 Rf5 39. Nd7 Rc2+ 40. Kg3 Rg5+ 41. Kf4 Rgxg2 42. Ne5 Rc8 43. Rd6 g5+ 44. Kf5 Rf8+ 45. Ke6 Re2 46. Rd5 Re3 47. Kd7 Rf5 48. Kd6 Rxa3 49. Ke6 Rf8 50. Nd7 Re8+ 51. Kd6 Rxf3 52. Rxg5+ Kh8 53. Ne5 Rf6+ 54. Kc5 h6 55. Rh5 Kh7 56. Kd5 Rg8 57. Rh4 Rg5 58. Re4 Rh5 59. h4 Rff5 60. Ke6 Rf8 61. Ke7 Rc8 62. Kd7 Rg8 63. Ke7 Rf5 64. Nd7 Rg7+ 65. Ke6 Rff7 66. Nf6+ Kh8 67. Rd4 Re7+ 68. Kf5 Rgf7 69. Rd8+ Kg7 70. Rg8# 1-0

[Event "Napoli Vomero Natale op 4h"]
[Site "Napoli"]
[Date "2007.12.06"]
[Round "4"]
[White "Chiummo, Sergio"]
[Black "Capozzoli, Silvio"]
[Result "1-0"]
[WhiteElo "1939"]
[BlackElo "1972"]
[PlyCount "45"]
[EventDate "2007.11.15"]
[EventType "swiss"]
[EventRounds "7"]
[EventCountry "ITA"]
[SourceTitle "EXT 2010"]
[Source "ChessBase"]
[SourceDate "2010.11.25"]
[SourceVersion "1"]
[SourceVersionDate "2010.11.25"]
[SourceQuality "1"]

1. c4 e5 2. Nc3 d6 3. g3 f5 4. Bg2 Nf6 5. e3 Nc6 6. Nge2 Be7 7. d3 a6 8. 0-0 g5 9. f4 g4 10. fxe5 dxe5 11. Nd5 Bc5 12. b4 Nxd5 13. cxd5 Nxb4 14. d4 Be7 15. dxe5 a5 16. Bb2 0-0 17. a3 Na6 18. Rc1 Nc5 19. Nf4 Rb8 20. d6 cxd6 21. Bd5+ Rf7 22. exd6 Qxd6 23. Qd4 1-0

[Event "Napoli Vomero Natale op 4h"]
[Site "Napoli"]
[Date "2007.11.22"]
[Round "2"]
[White "Nardiello, Luigi"]
[Black "Chiummo, Sergio"]
[Result "0-1"]
[WhiteElo "1977"]
[BlackElo "1939"]
[PlyCount "68"]
[EventDate "2007.11.15"]
[EventType "swiss"]
[EventRounds "7"]
[EventCountry "ITA"]
[SourceTitle "EXT 2010"]
[Source "ChessBase"]
[SourceDate "2010.11.25"]
[SourceVersion "1"]
[SourceVersionDate "2010.11.25"]
[SourceQuality "1"]

1. e4 e6 2. d4 d5 3. Nc3 Nf6 4. Bg5 dxe4 5. Nxe4 Be7 6. Nxf6+ Bxf6 7. Bxf6 Qxf6 8. Nf3 0-0 9. Bd3 c5 10. c3 Nd7 11. Qc2 h6 12. 0-0-0 cxd4 13. Nxd4 Ne5 14. Be4 Rb8 15. h4 a6 16. f3 Nc4 17. Qf2 Qf4+ 18. Kb1 e5 19. Nc2 Qf6 20. Qe2 b5 21. g4 Qb6 22. f4 exf4 23. g5 Ne3 24. Rdg1 Bf5 25. Bxf5 Nxf5 26. Qe5 Ng3 27. Nd4 Rfe8 28. Qxf4 Nxh1 29. Rxh1 Qg6+ 30. Ka1 Qe4 31. Qf1 Rb6 32. Qc1 b4 33. Qg1 bxc3 34. bxc3 Qe3 0-1

[Event "Napoli Vomero Settembre op 4th"]
[Site "Napoli"]
[Date "2007.10.18"]
[Round "4"]
[White "Chiummo, Sergio"]
[Black "Della Ragione, Achille"]
[Result "0-1"]
[WhiteElo "1939"]
[BlackElo "2026"]
[PlyCount "80"]
[EventDate "2007.09.27"]
[EventType "swiss"]
[EventRounds "6"]
[EventCountry "ITA"]
[SourceTitle "EXT 2010"]
[Source "ChessBase"]
[SourceDate "2010.11.25"]
[SourceVersion "1"]
[SourceVersionDate "2010.11.25"]
[SourceQuality "1"]

1. c4 c5 2. Nc3 Nc6 3. g3 g6 4. Bg2 Bg7 5. d3 d6 6. Rb1 Rb8 7. a3 a5 8. e3 e6 9. Nge2 Nge7 10. 0-0 0-0 11. e4 f5 12. Nb5 h6 13. f4 b6 14. Be3 e5 15. Nec3 Nd4 16. Kh1 Kh7 17. b4 axb4 18. axb4 Bb7 19. bxc5 bxc5 20. Nd5 Bxd5 21. Bxd4 Bc6 22. Be3 Bxb5 23. cxb5 Qd7 24. Qb3 Rb6 25. Bh3 Rc8 26. Qf7 Qe8 27. Qxe8 Rxe8 28. Rb3 Reb8 29. Rfb1 exf4 30. gxf4 Kg8 31. Bg2 Kf7 32. e5 Ke6 33. d4 c4 34. d5+ Nxd5 35. Bxd5+ Kxd5 36. Bxb6 cxb3 37. Bc7 Rxb5 38. exd6 Kc6 39. Kg2 b2 40. Kf3 Rc5 0-1

[Event "Napoli Vomero Settembre op 4th"]
[Site "Napoli"]
[Date "2007.09.27"]
[Round "1"]
[White "Chiummo, Sergio"]
[Black "Longobardi, Giuseppe"]
[Result "1/2-1/2"]
[WhiteElo "1939"]
[BlackElo "2017"]
[PlyCount "55"]
[EventDate "2007.09.27"]
[EventType "swiss"]
[EventRounds "6"]
[EventCountry "ITA"]
[SourceTitle "EXT 2010"]
[Source "ChessBase"]
[SourceDate "2010.11.25"]
[SourceVersion "1"]
[SourceVersionDate "2010.11.25"]
[SourceQuality "1"]

1. c4 c5 2. Nc3 b6 3. Nf3 Nc6 4. g3 Bb7 5. Bg2 Nd4 6. 0-0 Nxf3+ 7. exf3 Nf6 8. d4 cxd4 9. Qxd4 g6 10. Re1 Bg7 11. Qd3 0-0 12. Ne4 Qc7 13. Re2 Ba6 14. Rc2 d6 15. Bg5 Nxe4 16. fxe4 h6 17. Be3 Rac8 18. Rac1 Rfd8 19. Qa3 Bb7 20. Qxa7 Ra8 21. Qxb6 Qb8 22. c5 dxc5 23. Qxc5 Rc8 24. Qxe7 Rxc2 25. Rxc2 Rxa2 26. Qc7 Qxc7 27. Rxc7 Rxb2 28. h4 1/2-1/2

[Event "Napoli Natale al Vomero 2nd"]
[Site "Napoli"]
[Date "2005.12.01"]
[Round "5"]
[White "Chiummo, Sergio"]
[Black "Caporali, Dante"]
[Result "1/2-1/2"]
[WhiteElo "1523"]
[BlackElo "1646"]
[PlyCount "77"]
[EventDate "2005.11.03"]
[EventType "swiss"]
[EventRounds "6"]
[EventCountry "ITA"]
[SourceTitle "EXT 2018"]
[Source "ChessBase"]
[SourceDate "2017.10.13"]
[SourceVersion "1"]
[SourceVersionDate "2017.10.13"]
[SourceQuality "1"]

1. c4 Nf6 2. Nf3 g6 3. g3 Bg7 4. Bg2 0-0 5. 0-0 d5 6. cxd5 Nxd5 7. Nc3 Nb6 8. d3 Nc6 9. Bd2 Bd7 10. Qc1 Rb8 11. Bh6 Re8 12. Bxg7 Kxg7 13. b3 e5 14. Qb2 a6 15. Rac1 f6 16. Ne4 Qe7 17. Rfd1 f5 18. Nc5 Qf6 19. Nxd7 Nxd7 20. d4 exd4 21. Nxd4 Kh8 22. Bxc6 bxc6 23. Rxc6 Qe5 24. Qc3 Nb6 25. e3 Rbd8 26. Rc1 Kg8 27. Rc5 Qd6 28. Qb2 Rd7 29. Qe2 Qxd4 30. Qxa6 Qd6 31. Rc6 Qd3 32. Qb7 Nd5 33. a4 Qd2 34. Qb5 Qb4 35. Rxg6+ hxg6 36. Qxd7 Qe4 37. Rd1 Nc3 38. Rd2 Qe7 39. Qd3 1/2-1/2